[Event "Oslo Kampen Autumn"]
[Site "Oslo"]
[Date "2019.??.??"]
[Round "5"]
[White "Ytrestol, Gisle"]
[Black "Kortner, Henrik"]
[Result "1-0"]
[WhiteElo "1675"]
[BlackElo "1864"]
[PlyCount "69"]
[EventDate "2019.09.09"]
[EventType "swiss"]
[EventRounds "7"]
[EventCountry "NOR"]
[SourceTitle "EXT 2024"]
[Source "ChessBase"]
[SourceDate "2023.10.10"]
[SourceVersion "1"]
[SourceVersionDate "2023.10.10"]
[SourceQuality "1"]

1. d4 Nf6 2. Bf4 g6 3. e3 Bg7 4. Nf3 0-0 5. Bd3 d6 6. c3 c6 7. 0-0 Nh5 8. Bg5 Nd7 9. Nbd2 Ndf6 10. Ne4 h6 11. Nxf6+ Nxf6 12. Bh4 Bg4 13. h3 Be6 14. e4 Qc7 15. Qe2 Nh5 16. Qe3 a6 17. g4 Nf6 18. Bg3 Qb6 19. e5 dxe5 20. Nxe5 Bc8 21. Qd2 c5 22. Bf4 cxd4 23. Bxh6 dxc3 24. bxc3 Qc5 25. Bxg7 Kxg7 26. Qg5 Nh7 27. Qf4 b5 28. Be4 Ra7 29. Rfd1 Be6 30. Nc6 Ng5 31. Bg2 Nxh3+ 32. Bxh3 Qxc6 33. Qd4+ Kg8 34. Qxa7 Bd5 35. Qe3 1-0

[Event "Oslo Kampen CC-ch"]
[Site "Oslo"]
[Date "2017.04.10"]
[Round "7"]
[White "Haug, Kjell Martin"]
[Black "Ytrestol, Gisle"]
[Result "1/2-1/2"]
[WhiteElo "1542"]
[BlackElo "1640"]
[PlyCount "98"]
[EventDate "2017.02.06"]
[EventType "swiss"]
[EventRounds "9"]
[EventCountry "NOR"]
[SourceTitle "EXT 2024"]
[Source "ChessBase"]
[SourceDate "2023.10.10"]
[SourceVersion "1"]
[SourceVersionDate "2023.10.10"]
[SourceQuality "1"]

1. d4 Nf6 2. c4 e5 3. d5 Bc5 4. e3 d6 5. Nc3 0-0 6. Nge2 Bf5 7. Ng3 Bg6 8. Be2 Nbd7 9. e4 h6 10. a3 c6 11. 0-0 Bd4 12. Bd3 Nc5 13. Re1 Qb6 14. Re2 Ng4 15. Nh1 f5 16. exf5 Nxd3 17. Qxd3 Bxf5 18. Qg3 e4 19. Be3 Nxe3 20. fxe3 Be5 21. Qe1 Rac8 22. Rc1 Qd8 23. Ng3 Qh4 24. dxc6 bxc6 25. Rd2 Rf6 26. Nce2 Rcf8 27. b4 Bg4 28. Nf4 Rxf4 29. exf4 Bxf4 30. Rc3 Bxd2 31. Qxd2 Qf6 32. h3 Bf5 33. Rc1 Qe5 34. Qe3 Rf7 35. Re1 d5 36. cxd5 cxd5 37. Ne2 Rd7 38. Nd4 Rc7 39. Rf1 Bc8 40. b5 Rc4 41. Nc6 Qc7 42. Kh1 Bd7 43. Ne7+ Kh7 44. Nxd5 Qc5 45. Rd1 Bxb5 46. Qf4 e3 47. Qf5+ Kh8 48. Nxe3 Qxf5 49. Nxf5 Rc3 1/2-1/2

[Event "Oslo Kampen CC-ch"]
[Site "Oslo"]
[Date "2017.02.27"]
[Round "4"]
[White "Hem, Geir"]
[Black "Ytrestol, Gisle"]
[Result "1-0"]
[WhiteElo "1356"]
[BlackElo "1640"]
[PlyCount "51"]
[EventDate "2017.02.06"]
[EventType "swiss"]
[EventRounds "9"]
[EventCountry "NOR"]
[SourceTitle "EXT 2024"]
[Source "ChessBase"]
[SourceDate "2023.10.10"]
[SourceVersion "1"]
[SourceVersionDate "2023.10.10"]
[SourceQuality "1"]

1. d4 d5 2. Bf4 c5 3. e3 cxd4 4. Qxd4 Nc6 5. Qd1 Bf5 6. c3 e5 7. Bg3 Nf6 8. Nf3 Bd6 9. Bb5 Qe7 10. Nh4 Bd7 11. Nf3 0-0 12. 0-0 Bg4 13. h3 Bh5 14. Be2 Rad8 15. Nxe5 Bxe5 16. Bxh5 Nxh5 17. Qxh5 Bxg3 18. fxg3 Qxe3+ 19. Kh2 d4 20. cxd4 Qxd4 21. Nc3 f6 22. Rad1 Qb6 23. Rxd8 Rxd8 24. Re1 Ne5 25. Rd1 Rxd1 26. Qe8# 1-0

[Event "Oslo Kampen Autumn"]
[Site "Oslo"]
[Date "2017.??.??"]
[Round "3"]
[White "Ytrestol, Gisle"]
[Black "Haug, Kjell Martin"]
[Result "0-1"]
[WhiteElo "1487"]
[BlackElo "1531"]
[PlyCount "72"]
[EventDate "2017.08.28"]
[EventType "swiss"]
[EventRounds "7"]
[EventCountry "NOR"]
[SourceTitle "EXT 2024"]
[Source "ChessBase"]
[SourceDate "2023.10.10"]
[SourceVersion "1"]
[SourceVersionDate "2023.10.10"]
[SourceQuality "1"]

1. e4 e5 2. Bc4 Nf6 3. d3 Be7 4. f4 exf4 5. Bxf4 d6 6. Nf3 0-0 7. Nc3 Nbd7 8. Qe2 a5 9. Nd5 Nxd5 10. exd5 Nb6 11. 0-0-0 Bf6 12. g4 Bxg4 13. Qg2 Bxf3 14. Qxf3 Bg5 15. Rdg1 Bxf4+ 16. Qxf4 g6 17. h4 Nd7 18. d4 Qf6 19. Qg4 Nb6 20. Bd3 Nxd5 21. Kb1 Qf4 22. Qh3 Qe3 23. Rg3 Qh6 24. h5 Nf4 25. Qf1 Nxh5 26. Qg2 Rae8 27. Rg5 Kh8 28. c3 Rg8 29. Rxa5 Qe3 30. Bc4 Re7 31. Rg5 Rge8 32. Rh3 Qe1+ 33. Kc2 Nf4 34. Rxh7+ Kxh7 35. Qh2+ Kg7 36. Qxf4 Qe4+ 0-1

[Event "Oslo Kampen Autumn op"]
[Site "Oslo"]
[Date "2016.11.14"]
[Round "6"]
[White "Ytrestol, Gisle"]
[Black "Lorvik, Geir"]
[Result "1-0"]
[WhiteElo "1152"]
[BlackElo "1145"]
[PlyCount "39"]
[EventDate "2016.08.22"]
[EventType "swiss"]
[EventRounds "7"]
[EventCountry "NOR"]
[SourceTitle "EXT 2024"]
[Source "ChessBase"]
[SourceDate "2023.10.10"]
[SourceVersion "1"]
[SourceVersionDate "2023.10.10"]
[SourceQuality "1"]

1. e4 e5 2. Nf3 Nc6 3. c3 Nf6 4. d4 exd4 5. e5 Qe7 6. cxd4 Nd5 7. Nc3 Nxc3 8. bxc3 h6 9. Bc4 f6 10. Nh4 Nxe5 11. dxe5 Qxe5+ 12. Qe2 Qxe2+ 13. Kxe2 g5 14. Ng6 Rh7 15. Nxf8 Kxf8 16. f3 Re7+ 17. Kf2 d6 18. h4 Bf5 19. hxg5 hxg5 20. Rh8+ 1-0